000 00565nam a2200181Ia 4500
008 090123s9999 xx 000 0 und d
082 _b3820
_a891.463/राजे
100 _aराजे शैलजा
245 _aमधुघटचि रिकामा
250 _a1
260 _bपॅरामाउंट
_c1974
300 _a98
600 _aराजे शैलजा
630 _aमधुघटचि रिकामा
700 _aराजे शैलजा
730 _aमधुघटचि रिकामा
942 _cBOOK
999 _c41896
_d41896